Start with B, ends with B - Statistics

General Stats
  • This quiz has been taken 31 times
  • The average score is 8 of 14
Answer Stats
Question Answer % Correct
Atomic _____ Bomb
93%
Used to protect babies clothing from food etc Bib
87%
You lie in this in the bathroom Bathtub
83%
A sixties hairstyle Bob
80%
To tell something, which is meant to be a secret Blab
77%
You may get, a hyacinth, daffodil or crocus, should you plant one of these Bulb
73%
The devil Beelzebub
63%
To cry Blub
53%
A mistake Boob
53%
A long contract, or T&Cs contain this, blah, blah blah Blurb
50%
Informal name for the BBC Beeb
47%
Search the seashore for ephemera, shells etc Beachcomb
37%
To betray someone Backstab
27%
Sodium Hydrogen Carbonate in shortened form Bicarb
23%
No matching quizzes found
Score Distribution
Percent of People with Each Score
Percentile by Number Answered
Your Score History
You have not taken this quiz